The Dangermen Sessions Volume 1 - Statistics

General Stats
  • This quiz has been taken 4 times
  • The average score is 8 of 13
Answer Stats
Song Original Artist % Correct
Dangerman aka High Wire Bob Leaper
100%
Girl Why Don't You? Prince Buster
67%
I Chase the Devil aka Ironshirt Max Romeo
67%
Israelites Desmond Dekker
67%
John Jones Rudy Mills
67%
Lola The Kinks
67%
Rain Jose Feliciano
67%
Shame & Scandal Lord Tanamo
67%
So Much Trouble in the World Bob Marley
67%
Taller Than You Are Lord Tanamo
67%
This is Where Madness
67%
You Keep Me Hanging On The Supremes
67%
You'll Lose a Good Thing Barbara Lynn
0%
No matching quizzes found
Score Distribution
Percent of People with Each Score
Percentile by Number Answered
Your Score History
You have not taken this quiz